English Language Education for Graduate Employability in Vietnam /

This open access book examines the teaching and learning of English for employability in Vietnamese higher education. Its content is framed within one country to better examine the research issues within the influence of contextual factors. This book investigates how English can contribute to the de...

Full description

Bibliographic Details
Corporate Author: SpringerLink (Online service)
Other Authors: Nghia, Tran Le Huu (Editor), Tran, Ly Thi (Editor), Ngo, Mai Tuyet (Editor)
Format: eBook
Language:English
Published: Singapore : Springer Nature Singapore : Imprint: Springer, 2024.
Edition:1st ed. 2024.
Series:Global Vietnam: Across Time, Space and Community,
Subjects:
Online Access:Connect to the full text of this electronic book

MARC

Tag First Indicator Second Indicator Subfields
LEADER 00000nam a22000005i 4500
001 in00004802011
006 m o d
007 cr nn 008mamaa
008 230915s2024 si | o |||| 0|eng d
005 20240731145723.8
020 |a 9789819943388 
024 7 |a 10.1007/978-981-99-4338-8  |2 doi 
035 |a (DE-He213)978-981-99-4338-8 
050 4 |a P51-59.4 
072 7 |a CJ  |2 bicssc 
072 7 |a EDU029080  |2 bisacsh 
072 7 |a CJ  |2 thema 
082 0 4 |a 418.0071  |2 23 
245 1 0 |a English Language Education for Graduate Employability in Vietnam /  |c edited by Tran Le Huu Nghia, Ly Thi Tran, Mai Tuyet Ngo. 
250 |a 1st ed. 2024. 
264 1 |a Singapore :  |b Springer Nature Singapore :  |b Imprint: Springer,  |c 2024. 
300 |a 1 online resource (XVIII, 380 pages 13 illustrations, 8 illustrations in color.) 
336 |a text  |b txt  |2 rdacontent 
337 |a computer  |b c  |2 rdamedia 
338 |a online resource  |b cr  |2 rdacarrier 
347 |a text file  |b PDF  |2 rda 
490 1 |a Global Vietnam: Across Time, Space and Community,  |x 2731-7560 
505 0 |a The Emergence of English Language Education in Non-English Speaking Asian Countries -- Current English Education in Vietnam: Policy, Practices and Challenges -- English Language Skills and Employability: A Theoretical Framework -- English Education and University Students' Development of Human Capital -- English Language Education and Students' Development of Social Capital -- The Development of Cultural Capital Through English Education and its Contributions to Graduate Employability -- The Contribution of English Language Education to Students' Development of Soft Skills and Personal Attributes -- The Role of English Language Learning Experiences in the Development of TESOL Preservice Teachers' Identity Capital -- Graduates' Feedback on the Contribution of General English Courses to their English Skills for Work Purposes -- Perspectives of English Teachers on the Effectiveness of the General English Program on Students' Employability: A Case Studyin Vietnam -- English for Specific Purposes Courses and Vietnamese Graduates' Employability -- English-medium-instruction in Vietnamese Universities: Pitfalls, Accomplishments, and Impact on Graduate Employability -- Vietnamese EFL Learners' Perspectives on Learning English Online and Employability -- Vietnamese Teachers of English Perceptions and Practices of Culture in Language Teaching -- Repositioning and Modifying the Contemporary Approach to English Language Education for Vietnamese Graduate Employability Enhancement. . 
506 0 |a Open Access 
520 |a This open access book examines the teaching and learning of English for employability in Vietnamese higher education. Its content is framed within one country to better examine the research issues within the influence of contextual factors. This book investigates how English can contribute to the development of students' employability capitals, particularly in the aspects of human capital, social capital, cultural capital, identity capital, and psychological capital. It presents employers' and employees' perspectives of how and why English is increasingly important for career development. This book is a collection of discussions and viewpoints from teachers, students, and other stakeholders like employers, graduates, and course coordinators on current practices and their proposed improvements to prepare students for their future education, work and life. Based on empirical evidence, this book calls for repositioning English language education within the employability agenda to elevate its status and increase stakeholders' engagement. This book contributes to current debates on advancing the effectiveness of English language education in non-English speaking countries, as a response to internationalization and globalization. 
650 0 |a Language and languages  |x Study and teaching. 
650 0 |a Education, Higher. 
650 0 |a Education and state. 
650 0 |a Educational sociology. 
650 1 4 |a Language Education. 
650 2 4 |a Higher Education. 
650 2 4 |a Educational Policy and Politics. 
650 2 4 |a Sociology of Education. 
655 7 |a Electronic books.  |2 local 
700 1 |a Nghia, Tran Le Huu.  |e editor.  |4 edt  |4 http://id.loc.gov/vocabulary/relators/edt 
700 1 |a Tran, Ly Thi.  |e editor.  |4 edt  |4 http://id.loc.gov/vocabulary/relators/edt 
700 1 |a Ngo, Mai Tuyet.  |e editor.  |4 edt  |4 http://id.loc.gov/vocabulary/relators/edt 
710 2 |a SpringerLink (Online service) 
773 0 |t Springer Nature eBook 
776 0 8 |i Printed edition:  |z 9789819943371 
776 0 8 |i Printed edition:  |z 9789819943395 
776 0 8 |i Printed edition:  |z 9789819943401 
830 0 |a Global Vietnam: Across Time, Space and Community,  |x 2731-7560 
856 4 0 |u https://doi.org/10.1007/978-981-99-4338-8  |z Connect to the full text of this electronic book  |t 0 
950 |a Education (SpringerNature-41171) 
950 |a Education (R0) (SpringerNature-43721) 
955 |a Springer OA ebooks. 
999 f f |s 681178d9-0510-4adc-873b-00aa4ebcf3ac  |i 5a7e0daa-6de4-456a-9c82-5f2321375a4c  |t 0